How can I be sure? (Record no. 14541)

000 -LEADER
fixed length control field 00672nam a2200193 a 4500
001 - CONTROL NUMBER
control field :::00012373$&:&@@
003 - CONTROL NUMBER IDENTIFIER
control field OkBaRHE
005 - DATE AND TIME OF LATEST TRANSACTION
control field 20000607103418.0
008 - FIXED-LENGTH DATA ELEMENTS--GENERAL INFORMATION
fixed length control field j 000 0 eng u
040 ## - CATALOGING SOURCE
Transcribing agency
100 1# - MAIN ENTRY--PERSONAL NAME
Personal name Phillips, Bob.
245 10 - TITLE STATEMENT
Title How can I be sure?
260 ## - PUBLICATION, DISTRIBUTION, ETC. (IMPRINT)
Place of publication, distribution, etc Eugene, OR., : Harvest House Publishers, c1978.
300 ## - PHYSICAL DESCRIPTION
Extent 157 p. : c20cm.
650 ## - SUBJECT ADDED ENTRY--TOPICAL TERM
Topical term or geographic name as entry element Marriage
942 ## - ADDED ENTRY ELEMENTS (KOHA)
Source of classification or shelving scheme
Koha item type Books
Copies
Copy number Permanent Location Current Location Barcode Source of classification or shelving scheme Withdrawn status Not for loan Price effective from Shelving location Date last seen Damaged status Lost status Date acquired Koha item type Full call number
1RHEMA Bible Training CollegeRHEMA Bible Training College12373   2010-04-14General Stacks2010-04-14  2010-04-14BooksHQ 10 .P5
2RHEMA Bible Training CollegeRHEMA Bible Training College12374   2010-09-28General Stacks2010-09-28  2010-09-28BooksHQ 10 .P5